LEADER 01136nam0-22003611i-450- 001 990003782490403321 005 20001010 010 $a2-603-00970-2 035 $a000378249 035 $aFED01000378249 035 $a(Aleph)000378249FED01 035 $a000378249 100 $a20001010d--------km-y0itay50------ba 101 0 $aita 105 $ay-------001yy 200 1 $aPerspectives cognitives et conduites sociales I, II, III$emorceaux choisis$fJean-Léon Beauvois, Robert-Vincent Joule,Jean-Marc Monteil 210 $aNeuchâtel ; Paris$cDelachaux et Niestlé$dc1994 215 $a240 p.$c21 cm 225 1 $aActualités en sciences sociales 610 0 $aPSICOLOGIA SOCIALE$aTeoria 610 0 $aPSICOLOGIA SOCIALE$aStudi 676 $a302.01 700 1$aBeauvois,$bJean-Léon$0382038 702 1$aJoule,$bRobert-Vincent 702 1$aMonteil$bjean-Marc 801 0$aIT$bUNINA$gRICA$2UNIMARC 901 $aBK 912 $a990003782490403321 952 $a302.01 BEA 1$b5157$fBFS 959 $aBFS 996 $aPerspectives cognitives et conduites sociales I, II, III$9509908 997 $aUNINA DB $aING01 LEADER 00949nam a2200253 i 4500 001 991001214889707536 005 20020502185220.0 008 960405s1996 it ||| | ita 020 $a8842048267 035 $ab11480245-39ule_inst 035 $aPRUMB56912$9ExL 040 $aDip. di SSSC - Didattica$bita 100 1 $aTaylor, Talbot J.$0165582 245 12$aL'incomprensione linguistica :$blo scetticismo e la teorizzazione del linguaggio e dell'interpretazione /$cTalbot J. Taylor 260 $aBari :$c1996 300 $avii, 219 p. ;$c21 cm. 490 0 $aBiblioteca di cultura moderna ;$v1087 650 4$aLinguistica$xStudi 907 $a.b11480245$b01-03-17$c01-07-02 912 $a991001214889707536 945 $aLE021 DI1D70$g1$iLE021N-12783$lle021$o-$pE0.00$q-$rl$s- $t0$u0$v0$w0$x0$y.i11670903$z01-07-02 996 $aIncomprensione linguistica$9221684 997 $aUNISALENTO 998 $ale021$b01-01-96$cm$da $e-$fita$git $h2$i1